[Event "ENG-ch Schools"]
[Site "Nottingham"]
[Date "2025.06.25"]
[Round "1.2"]
[White "Mittal, Aditya"]
[Black "Shankar, Yashwardhan"]
[Result "0-1"]
[WhiteElo "1993"]
[BlackElo "1793"]
[PlyCount "136"]
[EventDate "2025.06.25"]
[EventType "team-swiss"]
[EventRounds "6"]
[EventCountry "ENG"]
[SourceTitle "CB27_2025"]
[SourceDate "2025.07.02"]
[SourceVersion "1"]
[SourceVersionDate "2025.07.02"]
[SourceQuality "1"]
[WhiteTeam "Haberdashers Askes"]
[BlackTeam "Eltham College"]
[WhiteTeamCountry "ENG"]
[BlackTeamCountry "ENG"]

1. e4 c5 2. c3 d5 3. exd5 Qxd5 4. d4 cxd4 5. cxd4 Nf6 6. Nc3 Qd8 7. d5 g6 8. Bc4 Bg7 9. Nf3 0-0 10. 0-0 Qc7 11. Qb3 a6 12. a4 Bg4 13. Nd4 Nbd7 14. h3 Nc5 15. Qb4 Bd7 16. Be3 a5 17. Qa3 b6 18. Rac1 Qb7 19. Rfd1 Rac8 20. Ndb5 Rfe8 21. d6 e6 22. Nc7 Rxc7 23. dxc7 Qxc7 24. Nb5 Bxb5 25. Bxb5 Rc8 26. Bd4 e5 27. Bxc5 bxc5 28. Qe3 Kh8 29. b3 Qe7 30. Rc2 h6 31. Rdc1 Bf8 32. Re1 Rd8 33. Rd2 Rxd2 34. Qxd2 Qc7 35. Qe3 e4 36. Rd1 Bg7 37. Rc1 Bf8 38. Qc3 Kg7 39. Rd1 Bd6 40. Qd2 Bf4 41. Qe2 Qe5 42. Qe1 e3 43. fxe3 Bxe3+ 44. Kh1 Nh5 45. g4 Nf4 46. Qg3 Qe4+ 47. Kh2 Ne2 48. Bxe2 Bf4 49. Qxf4 Qxf4+ 50. Kg2 Qe3 51. Bc4 Qe4+ 52. Kg3 Qe5+ 53. Kg2 h5 54. gxh5 Qxh5 55. Rd5 Qh4 56. Rxc5 Qe4+ 57. Kh2 Qf4+ 58. Kg2 Qd2+ 59. Kf1 Qh2 60. Rxa5 Qxh3+ 61. Kf2 Qh2+ 62. Kf1 f5 63. Ra7+ Kf6 64. a5 Qf4+ 65. Kg2 Qe4+ 66. Kf1 Qf3+ 67. Ke1 Qe3+ 68. Kd1 Qxa7 0-1

[Event "Cambridge op 3rd"]
[Site "Cambridge"]
[Date "2025.05.29"]
[Round "6"]
[White "Kueh, Audrey"]
[Black "Mittal, Aditya"]
[Result "1/2-1/2"]
[WhiteElo "2054"]
[BlackElo "1849"]
[PlyCount "74"]
[EventDate "2025.05.26"]
[EventType "tourn"]
[EventRounds "9"]
[EventCountry "ENG"]
[SourceTitle "CB23_2025"]
[SourceDate "2025.06.04"]
[SourceVersion "1"]
[SourceVersionDate "2025.06.04"]
[SourceQuality "1"]

1. e4 e6 2. d4 d5 3. Nd2 c5 4. Ngf3 cxd4 5. exd5 Qxd5 6. Bc4 Qd6 7. 0-0 Nf6 8. Nb3 Nc6 9. Nbxd4 Nxd4 10. Nxd4 a6 11. c3 Qc7 12. Bb3 Bd6 13. h3 0-0 14. Re1 h6 15. Qf3 Nd7 16. Qh5 Nf6 17. Qh4 e5 18. Bxh6 Be7 19. Bxg7 Kxg7 20. Qg5+ Kh8 21. Rxe5 Ng8 22. Qh5+ Kg7 23. Rae1 Bf6 24. Nf5+ Bxf5 25. Rxf5 Rfe8 26. Rxe8 Rxe8 27. g4 Re5 28. Rxe5 Bxe5 29. h4 Bf4 30. g5 Qe7 31. Qf3 Bc1 32. Qf5 b6 33. Kf1 a5 34. Qc2 Bf4 35. Qf5 Bc1 36. Qc2 Bf4 37. Qf5 Bc1 1/2-1/2

[Event "Cambridge op 3rd"]
[Site "Cambridge"]
[Date "2025.05.27"]
[Round "3"]
[White "Mittal, Aditya"]
[Black "Goh, Jinghan Cameron"]
[Result "0-1"]
[WhiteElo "1849"]
[BlackElo "2186"]
[PlyCount "70"]
[EventDate "2025.05.26"]
[EventType "tourn"]
[EventRounds "9"]
[EventCountry "ENG"]
[SourceTitle "CB23_2025"]
[SourceDate "2025.06.04"]
[SourceVersion "1"]
[SourceVersionDate "2025.06.04"]
[SourceQuality "1"]

1. e4 c5 2. c3 d5 3. exd5 Qxd5 4. d4 Nf6 5. Nf3 e6 6. Na3 a6 7. Nc4 Nbd7 8. Be2 b5 9. Nfd2 Ra7 10. Bf3 Qf5 11. Ne3 Qf4 12. a4 cxd4 13. cxd4 Qb8 14. axb5 axb5 15. Rxa7 Qxa7 16. Qc2 Ba6 17. 0-0 Bd6 18. d5 0-0 19. dxe6 fxe6 20. Qc6 Ne8 21. Bg4 Nc5 22. b4 Nd3 23. Bxe6+ Kh8 24. Qe4 Nf4 25. Bb2 Bb7 26. Bd5 Nxd5 27. Nxd5 Qa2 28. Qc2 Qxd5 29. f3 Bxb4 30. Ne4 Qc4 31. Qxc4 bxc4 32. Rc1 Bd5 33. Rd1 Bxe4 34. fxe4 c3 35. Bc1 c2 0-1

[Event "London Menchik Memorial Blitz op 3rd"]
[Site "London"]
[Date "2024.09.03"]
[Round "12"]
[White "Mittal, Aditya"]
[Black "Oragwu, Chukwunonso"]
[Result "1-0"]
[WhiteElo "1844"]
[BlackElo "2204"]
[PlyCount "67"]
[EventDate "2024.09.03"]
[EventType "swiss (blitz)"]
[EventRounds "14"]
[EventCountry "ENG"]
[SourceTitle "EXT 2025"]
[Source "ChessBase"]
[SourceDate "2024.10.14"]
[SourceVersion "1"]
[SourceVersionDate "2024.10.14"]
[SourceQuality "1"]

1. e4 c5 2. c3 d5 3. exd5 Qxd5 4. d4 Nf6 5. Nf3 e6 6. Na3 a6 7. Nc4 Qd8 8. Bd3 Be7 9. 0-0 0-0 10. Bf4 Nc6 11. dxc5 Bxc5 12. Qe2 b5 13. Nce5 Bb7 14. Rfd1 Qe7 15. a4 b4 16. cxb4 Nxb4 17. Bb1 Rad8 18. Nd3 Nxd3 19. Bxd3 a5 20. Rac1 h6 21. Ne5 Nd5 22. Bg3 Bd6 23. Qe4 Nf6 24. Qe2 Bb8 25. Nc6 Bxc6 26. Rxc6 Bxg3 27. hxg3 Qb4 28. Rc4 Qb3 29. Rh4 Rd5 30. Bc2 Rxd1+ 31. Bxd1 Qa2 32. Rd4 Rb8 33. b3 Rc8 34. Qxa2 1-0

[Event "London Menchik Memorial Blitz op 3rd"]
[Site "London"]
[Date "2024.09.03"]
[Round "2"]
[White "Mittal, Aditya"]
[Black "Wiratunga, Jenith"]
[Result "0-1"]
[WhiteElo "1844"]
[BlackElo "2089"]
[PlyCount "100"]
[EventDate "2024.09.03"]
[EventType "swiss (blitz)"]
[EventRounds "14"]
[EventCountry "ENG"]
[SourceTitle "EXT 2025"]
[Source "ChessBase"]
[SourceDate "2024.10.14"]
[SourceVersion "1"]
[SourceVersionDate "2024.10.14"]
[SourceQuality "1"]

1. e4 c5 2. c3 d5 3. exd5 Qxd5 4. d4 g6 5. Nf3 Bg7 6. Nbd2 cxd4 7. Bc4 Qd8 8. cxd4 Nf6 9. 0-0 0-0 10. Nb3 Nd5 11. Re1 Nc6 12. h3 Nb6 13. Bb5 Qc7 14. d5 Nb4 15. Bg5 N4xd5 16. Rc1 Qd6 17. Bxe7 Qxe7 18. Rxe7 Nxe7 19. Qe2 Ned5 20. Bc4 Nxc4 21. Rxc4 Nb6 22. Rc7 Nd5 23. Rc5 Nf4 24. Qd2 Ne6 25. Rc1 Rd8 26. Qc2 Bd7 27. Qb1 Bc6 28. Nbd2 Nf4 29. Re1 h5 30. Re3 Nd5 31. Re1 Re8 32. b4 Nc3 33. Rxe8+ Rxe8 34. Qb3 Bd5 35. Qa3 a6 36. Kh2 Bc6 37. Nb3 Ne4 38. Kg1 Bb5 39. Nc5 Nxc5 40. bxc5 Bc6 41. Nh2 Re1+ 42. Nf1 Bb5 43. Kh2 Rxf1 44. Qe3 Ra1 45. a3 Kh7 46. Kg3 Rd1 47. Qe7 Rd3+ 48. Kh2 Bc6 49. g3 Rd1 50. f3 Bxf3 0-1

[Event "BCF-ch U16"]
[Site "Hull"]
[Date "2024.07.31"]
[Round "4"]
[White "Swiatkowski, Dominik"]
[Black "Mittal, Aditya"]
[Result "1-0"]
[WhiteElo "1523"]
[BlackElo "1768"]
[PlyCount "121"]
[EventDate "2024.07.28"]
[EventType "swiss"]
[EventRounds "7"]
[EventCountry "ENG"]
[SourceTitle "EXT 2025"]
[Source "ChessBase"]
[SourceDate "2024.10.14"]
[SourceVersion "1"]
[SourceVersionDate "2024.10.14"]
[SourceQuality "1"]

1. e4 e6 2. d4 d5 3. Nd2 Be7 4. e5 c5 5. c3 cxd4 6. cxd4 Qb6 7. Ngf3 Bd7 8. Bd3 Bb5 9. Nb3 Bxd3 10. Qxd3 Nc6 11. a3 a5 12. 0-0 a4 13. Nbd2 Nh6 14. Rd1 Nf5 15. Nf1 Na5 16. Ne3 Nxe3 17. Bxe3 Nc4 18. Nd2 Nxb2 19. Rdb1 Ra5 20. Qc2 Rb5 21. Ra2 Kd7 22. Raxb2 Rxb2 23. Qxb2 Qxb2 24. Rxb2 Kc6 25. Nb1 b5 26. Bd2 f6 27. f4 fxe5 28. fxe5 Rf8 29. g3 Rf3 30. Bb4 Bg5 31. Rc2+ Kb7 32. Kg2 Rb3 33. Nc3 Kb6 34. Kf3 h5 35. h4 Bh6 36. g4 hxg4+ 37. Kxg4 Be3 38. Bc5+ Ka6 39. Kh5 b4 40. axb4 a3 41. Kg6 Bh6 42. Kf7 Rb2 43. b5+ Ka5 44. Rxb2 axb2 45. Ba3 Be3 46. Bc5 Bd2 47. Nb1 Be1 48. h5 Kxb5 49. Kxg7 Kc4 50. h6 Kb3 51. Ba3 Bf2 52. h7 Bxd4 53. Kf6 Kc2 54. h8Q Kxb1 55. Bxb2 Bxb2 56. Kxe6 d4 57. Qh1+ Kc2 58. Qg2+ Kc1 59. Qf1+ Kc2 60. Qe2+ Kc1 61. Qd3 1-0

[Event "BCF-ch U14 blitz"]
[Site "Hull"]
[Date "2024.07.25"]
[Round "4"]
[White "Sisupalan, Beni"]
[Black "Mittal, Aditya"]
[Result "1-0"]
[WhiteElo "1820"]
[BlackElo "1825"]
[PlyCount "115"]
[EventDate "2024.07.25"]
[EventType "swiss (blitz)"]
[EventRounds "9"]
[EventCountry "ENG"]
[SourceTitle "CBM 221 Extra"]
[Source "ChessBase"]
[SourceDate "2024.09.30"]
[SourceVersion "1"]
[SourceVersionDate "2024.09.30"]
[SourceQuality "1"]

1. e4 e5 2. Nf3 Nc6 3. Bc4 Bc5 4. d3 Nf6 5. Nc3 d6 6. h3 0-0 7. Bg5 Be6 8. Nd5 Bxd5 9. Bxd5 h6 10. Bh4 a6 11. c3 g5 12. Bg3 Nxd5 13. exd5 Ne7 14. Qb3 f5 15. 0-0-0 b5 16. d4 exd4 17. Nxd4 Bxd4 18. Rxd4 f4 19. Bh2 Nf5 20. Re4 Re8 21. Rhe1 Qd7 22. Qc2 Ng7 23. f3 Qf7 24. Qd3 Rxe4 25. Rxe4 Re8 26. Bg1 Rxe4 27. Qxe4 Qf5 28. Bd4 Kf7 29. Kd2 Qxe4 30. fxe4 Nh5 31. Ke2 Ng3+ 32. Kf3 h5 33. e5 Nf5 34. e6+ Ke7 35. Ba7 c6 36. Ke4 Ne3 37. dxc6 Kxe6 38. Bxe3 fxe3 39. Kxe3 d5 40. Kd4 Kd6 41. c7 Kxc7 42. Kxd5 Kb6 43. b4 a5 44. a3 axb4 45. axb4 g4 46. hxg4 hxg4 47. g3 Ka6 48. Kc6 Ka7 49. Kxb5 Kb7 50. Kc5 Kc7 51. b5 Kb7 52. b6 Kb8 53. Kc6 Kc8 54. b7+ Kb8 55. c4 Ka7 56. Kc7 Ka6 57. b8Q Ka5 58. Qb5# 1-0

[Event "ECF Schools-ch"]
[Site "Nottingham"]
[Date "2024.06.27"]
[Round "3.4"]
[White "Mittal, Aditya"]
[Black "Brown, Stuart"]
[Result "1/2-1/2"]
[WhiteElo "1852"]
[BlackElo "1733"]
[PlyCount "91"]
[EventDate "2024.06.27"]
[EventType "team-swiss"]
[EventRounds "5"]
[EventCountry "ENG"]
[SourceTitle "EXT 2025"]
[Source "ChessBase"]
[SourceDate "2024.10.14"]
[SourceVersion "1"]
[SourceVersionDate "2024.10.14"]
[SourceQuality "1"]
[WhiteTeam "Haberdashers Askes School"]
[BlackTeam "RGS Guildford"]
[WhiteTeamCountry "ENG"]
[BlackTeamCountry "ENG"]

1. e4 d5 2. exd5 Qxd5 3. Nf3 Bf5 4. Be2 Nf6 5. d4 Qd8 6. c4 e6 7. Nc3 c6 8. Qb3 Qb6 9. Qxb6 axb6 10. a3 Nbd7 11. Bf4 Be7 12. h3 h6 13. 0-0-0 0-0 14. Bd3 Bxd3 15. Rxd3 b5 16. cxb5 cxb5 17. Nxb5 Rfc8+ 18. Kb1 Ne4 19. Re1 Ndf6 20. Nd2 Ra5 21. Nxe4 Nxe4 22. Rxe4 Rxb5 23. Re2 g5 24. Be3 Rd8 25. Rc2 Rd7 26. Rcd2 f5 27. g3 Rbd5 28. Kc2 Bd6 29. f4 Be7 30. b4 b5 31. g4 Bf6 32. gxf5 exf5 33. Rg2 Rg7 34. Kb3 gxf4 35. Rxg7+ Kxg7 36. Bxf4 Rxd4 37. Rxd4 Bxd4 38. a4 bxa4+ 39. Kxa4 Kg6 40. Kb5 Kh5 41. Kc4 Bf2 42. Kd5 Kh4 43. Ke5 Kxh3 44. Kxf5 h5 45. b5 h4 46. Bg5 1/2-1/2

[Event "ECF Schools-ch"]
[Site "Nottingham"]
[Date "2024.06.27"]
[Round "2.4"]
[White "Mittal, Aditya"]
[Black "Razumovsky Hough, Louis"]
[Result "1-0"]
[WhiteElo "1852"]
[BlackElo "1726"]
[PlyCount "87"]
[EventDate "2024.06.27"]
[EventType "team-swiss"]
[EventRounds "5"]
[EventCountry "ENG"]
[SourceTitle "EXT 2025"]
[Source "ChessBase"]
[SourceDate "2024.10.14"]
[SourceVersion "1"]
[SourceVersionDate "2024.10.14"]
[SourceQuality "1"]
[WhiteTeam "Haberdashers Askes School"]
[BlackTeam "St Paul School"]
[WhiteTeamCountry "ENG"]
[BlackTeamCountry "ENG"]

1. e4 c6 2. d4 d5 3. e5 Bf5 4. c4 e6 5. Nc3 Nd7 6. Nge2 Bb4 7. Ng3 Bg6 8. h4 Ne7 9. h5 Bf5 10. Bd2 dxc4 11. a3 Ba5 12. Nce4 Bxe4 13. Nxe4 Bc7 14. g4 a5 15. h6 g6 16. Bg5 b5 17. Nd6+ Kf8 18. Qf3 Nxe5 19. dxe5 Bxd6 20. Rd1 Bb4+ 21. axb4 Qc7 22. Qf6 Rg8 23. Qxe7+ Qxe7 24. Bxe7+ Kxe7 25. bxa5 Rxa5 26. Bg2 Rc8 27. Ke2 b4 28. f4 Ra2 29. Rd2 c5 30. Rhd1 Rc7 31. Be4 c3 32. bxc3 Rxd2+ 33. Rxd2 b3 34. c4 Ra7 35. Kd3 Ra1 36. Kc3 Rf1 37. f5 exf5 38. gxf5 gxf5 39. Bd5 Re1 40. Kxb3 Rxe5 41. Rg2 f4 42. Rg7 Rxd5 43. cxd5 Kf6 44. Rg1 1-0

[Event "Eastern Asia-ch U16"]
[Site "Tornelo INT"]
[Date "2021.10.31"]
[Round "9"]
[White "Mittal, Aditya"]
[Black "Batbold, Nyamsuren"]
[Result "1-0"]
[WhiteElo "1488"]
[BlackElo "1669"]
[PlyCount "59"]
[EventDate "2021.10.29"]
[EventType "swiss"]
[EventRounds "9"]
[EventCountry "NET"]
[SourceTitle "CBM 205 Extra"]
[Source "ChessBase"]
[SourceDate "2022.01.31"]
[SourceVersion "1"]
[SourceVersionDate "2022.01.31"]
[SourceQuality "1"]

1. d4 d5 2. c4 c6 3. Nf3 Nf6 4. Nc3 dxc4 5. a4 Bf5 6. e3 e6 7. Bxc4 Nbd7 8. 0-0 Nb6 9. Bd3 Bxd3 10. Qxd3 a5 11. e4 Be7 12. Bf4 0-0 13. Rad1 Re8 14. h3 Bf8 15. Rfe1 Qe7 16. Bg5 Qb4 17. Bxf6 gxf6 18. e5 f5 19. g4 Bh6 20. gxf5 Kh8 21. Re4 Rg8+ 22. Kh1 exf5 23. Rh4 Rg6 24. Qxf5 Qxb2 25. Ne4 Rag8 26. Nfg5 Qb3 27. Rg1 R8g7 28. Kh2 Qd5 29. Nf6 Rxf6 30. Qxf6 1-0